Państwa, których walutą jest frank - Statystyki

Ogólne statystyki
  • Ten quiz został rozwiązany 38 razy
  • Średni wynik to 7 z 22
Statystyki odpowiedzi
Państwo % Poprawnych
Szwajcaria
97%
Liechtenstein
47%
Demokratyczna Republika Konga
38%
Gwinea
38%
Niger
38%
Burkina Faso
35%
Czad
35%
Kongo
35%
Mali
35%
Republika Środkowoafrykańska
35%
Kamerun
32%
Senegal
32%
Wybrzeże Kości Słoniowej
32%
Benin
26%
Gwinea Bissau
26%
Gwinea Równikowa
26%
Togo
26%
Dżibuti
24%
Gabon
24%
Rwanda
24%
Burundi
21%
Komory
15%
Nie znaleziono quizów pasujących do podanych kryteriów
Rozkład punktacji
Procent ludzi z każdym wynikiem
Percentyl według liczby udzielonych odpowiedzi
Twoja historia wyników
Nie rozwiązałeś tego quizu